[Event "TUR-chT 1st League"]
[Site "Denizli"]
[Date "2024.07.17"]
[Round "3.56"]
[White "Kiremitciyan, Ari"]
[Black "Akcicek, Mert"]
[Result "0-1"]
[WhiteElo "2281"]
[BlackElo "1765"]
[PlyCount "81"]
[EventDate "2024.07.15"]
[EventType "team-swiss"]
[EventRounds "9"]
[EventCountry "TUR"]
[SourceTitle "EXT 2025"]
[Source "ChessBase"]
[SourceDate "2024.10.14"]
[SourceVersion "1"]
[SourceVersionDate "2024.10.14"]
[SourceQuality "1"]
[WhiteTeam "Bogazici Universitesi"]
[BlackTeam "Salihli Sardes"]
[WhiteTeamCountry "TUR"]
[BlackTeamCountry "TUR"]

1. Nf3 g6 2. d4 Bg7 3. e4 d6 4. Bc4 Nf6 5. Qe2 c6 6. e5 dxe5 7. dxe5 Nd5 8. h3 Qc7 9. 0-0 Be6 10. Re1 Nd7 11. a3 h6 12. Nbd2 g5 13. Nb3 0-0-0 14. Nbd4 Rdg8 15. Nxe6 fxe6 16. Qe4 Rf8 17. Nd4 Qb6 18. Rf1 Bxe5 19. Nf3 Bxb2 20. Bxb2 Qxb2 21. Qxe6 Rf6 22. Qe4 Rf4 23. Qe2 N7b6 24. Bxd5 Nxd5 25. Qe6+ Kc7 26. Rab1 Qf6 27. Qe1 Rf8 28. Ne5 Nb6 29. Ng4 Qg7 30. Qa5 Ra4 31. Qc5 h5 32. Rfe1 Nc8 33. Ne5 Qf6 34. Red1 Nd6 35. Nd3 Ne4 36. Qe3 Nc3 37. Nc5 Nxd1 38. Rxb7+ Kc8 39. Rb8+ Kxb8 40. Qg3+ Qf4 41. Qb3+ 0-1

[Event "TUR-chT 1st League"]
[Site "Konya"]
[Date "2022.08.28"]
[Round "9.10"]
[White "Ioannidis, Evgenios"]
[Black "Akcicek, Mert"]
[Result "1-0"]
[WhiteElo "2500"]
[BlackElo "1537"]
[PlyCount "169"]
[EventDate "2022.08.22"]
[EventType "team-swiss"]
[EventRounds "9"]
[EventCountry "TUR"]
[SourceTitle "CBM 209 Extra"]
[Source "ChessBase"]
[SourceDate "2022.09.30"]
[SourceVersion "1"]
[SourceVersionDate "2022.09.30"]
[SourceQuality "1"]
[WhiteTeam "Istanbul Teknik Uni"]
[BlackTeam "Salihli Sardes"]
[WhiteTeamCountry "TUR"]
[BlackTeamCountry "TUR"]

1. c4 c5 2. Nf3 Nf6 3. Nc3 Nc6 4. d4 cxd4 5. Nxd4 d6 6. e4 g6 7. Be2 Bg7 8. Be3 0-0 9. 0-0 a6 10. h3 Bd7 11. Qc2 Rc8 12. Rfd1 Nxd4 13. Bxd4 Qc7 14. Bxf6 exf6 15. Nd5 Qd8 16. Qb3 Bc6 17. Bg4 Rb8 18. Nc3 f5 19. exf5 h5 20. Be2 Qg5 21. Nd5 Rfe8 22. Qc2 gxf5 23. f4 Qh4 24. Bf3 Bxd5 25. Bxd5 Qxf4 26. Rf1 Qe3+ 27. Kh1 f4 28. Qf5 Re7 29. Rxf4 Rf8 30. Be4 Rfe8 31. Bd3 Qe5 32. Qh7+ Kf8 33. Raf1 Rc8 34. Bg6 Rcc7 35. Bxh5 Qg5 36. b3 Qh6 37. Qxh6 Bxh6 38. Rf6 Bg7 39. Rxd6 Be5 40. Rd5 f6 41. Bg4 Kg7 42. Bf5 Bg3 43. Rd3 Be1 44. Rd4 Re3 45. Rg4+ Kf8 46. Be4 Bc3 47. Bd5 b6 48. Rg8+ Ke7 49. h4 Kd6 50. h5 Rh7 51. Bf3 Be5 52. b4 Rc3 53. Rd1+ Kc7 54. Ra8 Rh6 55. Ra7+ Kc8 56. Rg7 Rh8 57. Ra7 Rh6 58. Ra8+ Kc7 59. Rad8 Rh7 60. Be4 f5 61. Bxf5 Rxh5+ 62. Bh3 Rh7 63. Kg1 Bg3 64. Re8 Rf7 65. Be6 Rg7 66. Rc8+ Kb7 67. Rf8 Re3 68. Bd5+ Kc7 69. Rf6 Rge7 70. Rc6+ Kb8 71. Rxb6+ Ka7 72. Rf6 Re2 73. c5 Rb2 74. Rf8 Bb8 75. Rdf1 Rbe2 76. a4 R2e5 77. R8f7 Bc7 78. b5 Bd8 79. R7f5 Re3 80. Rf8 Re8 81. R1f7+ Kb8 82. Rxe8 Rxe8 83. Rb7+ Kc8 84. bxa6 Re7 85. a7 1-0

[Event "TUR-chT 1st League"]
[Site "Konya"]
[Date "2022.08.27"]
[Round "8.8"]
[White "Akcicek, Mert"]
[Black "Akdogan, Alperen"]
[Result "0-1"]
[WhiteElo "1537"]
[BlackElo "2184"]
[PlyCount "68"]
[EventDate "2022.08.22"]
[EventType "team-swiss"]
[EventRounds "9"]
[EventCountry "TUR"]
[SourceTitle "CBM 209 Extra"]
[Source "ChessBase"]
[SourceDate "2022.09.30"]
[SourceVersion "1"]
[SourceVersionDate "2022.09.30"]
[SourceQuality "1"]
[WhiteTeam "Salihli Sardes"]
[BlackTeam "Karaman Saglik"]
[WhiteTeamCountry "TUR"]
[BlackTeamCountry "TUR"]

1. e4 c6 2. d4 d5 3. Nd2 dxe4 4. Nxe4 Nd7 5. Bc4 Ngf6 6. Ng5 e6 7. Qe2 Nb6 8. Bb3 h6 9. N5f3 c5 10. c3 Qc7 11. Ne5 Bd6 12. Ngf3 Bd7 13. Be3 0-0 14. g4 Nbd5 15. g5 hxg5 16. Nxd7 Qxd7 17. dxc5 Nxe3 18. fxe3 Bxc5 19. Ne5 Qc7 20. Nd3 a5 21. 0-0-0 a4 22. Bc2 a3 23. b3 Be7 24. c4 b5 25. c5 Bxc5 26. h4 g4 27. Rhf1 Nd5 28. Nxc5 Qxc5 29. Rd4 Rac8 30. Rf2 Qc3 31. Rxd5 exd5 32. Kd1 Qa1+ 33. Kd2 Rxc2+ 34. Kxc2 Rc8+ 0-1

[Event "TUR-chT 1st League"]
[Site "Konya"]
[Date "2022.08.25"]
[Round "6.9"]
[White "Demir, Baran"]
[Black "Akcicek, Mert"]
[Result "1/2-1/2"]
[WhiteElo "2144"]
[BlackElo "1537"]
[PlyCount "156"]
[EventDate "2022.08.22"]
[EventType "team-swiss"]
[EventRounds "9"]
[EventCountry "TUR"]
[SourceTitle "CBM 209 Extra"]
[Source "ChessBase"]
[SourceDate "2022.09.30"]
[SourceVersion "1"]
[SourceVersionDate "2022.09.30"]
[SourceQuality "1"]
[WhiteTeam "Karsiyaka Ihtisas"]
[BlackTeam "Salihli Sardes"]
[WhiteTeamCountry "TUR"]
[BlackTeamCountry "TUR"]

1. Nf3 d5 2. e3 Bf5 3. c4 Nf6 4. cxd5 Nxd5 5. e4 Bxe4 6. Qa4+ Nc6 7. Qxe4 g6 8. Nc3 Ndb4 9. a3 f5 10. Qb1 Nd5 11. Bc4 Nb6 12. Qa2 Nxc4 13. Qxc4 Qd7 14. 0-0 0-0-0 15. Ng5 Ne5 16. Qc5 Qd4 17. Qxd4 Rxd4 18. Ne6 Rd6 19. Nxf8 Rxf8 20. d4 Rxd4 21. Be3 Rd7 22. Rad1 Nd3 23. b4 e5 24. Bh6 Rf6 25. Rd2 Rc6 26. Na4 Ra6 27. Rfd1 e4 28. Nc5 Nxc5 29. bxc5 Rxd2 30. Rxd2 Rxa3 31. h4 Rc3 32. Bg5 b6 33. cxb6 cxb6 34. Rd8+ Kb7 35. Bf4 Rd3 36. Rb8+ Ka6 37. Be3 Rd1+ 38. Kh2 Rd7 39. Kg3 Rb7 40. Rxb7 Kxb7 41. Kf4 Kc6 42. Kg5 a5 43. Kh6 b5 44. Kxh7 b4 45. Kxg6 b3 46. Bd4 f4 47. h5 e3 48. fxe3 fxe3 49. h6 e2 50. h7 e1Q 51. h8Q Qe4+ 52. Kf7 Qd5+ 53. Kg6 Qxg2+ 54. Kf5 Qf3+ 55. Ke5 Qg3+ 56. Ke4 Qg6+ 57. Ke3 Qg5+ 58. Kd3 Qf5+ 59. Kc4 Qc2+ 60. Bc3 Qe4+ 61. Kxb3 Qb1+ 62. Ka3 Qc1+ 63. Ka4 Qc2+ 64. Kxa5 Qa2+ 65. Kb4 Qb1+ 66. Bb2 Qe4+ 67. Ka3 Qd3+ 68. Bc3 Qa6+ 69. Kb2 Qe2+ 70. Ka1 Qd1+ 71. Ka2 Qa4+ 72. Kb2 Qb5+ 73. Kc2 Qe2+ 74. Bd2 Qc4+ 75. Kd1 Qf1+ 76. Be1 Qd3+ 77. Kc1 Qc4+ 78. Kb2 Kd5 1/2-1/2

[Event "TUR-chT 1st League"]
[Site "Konya"]
[Date "2022.08.23"]
[Round "3.10"]
[White "Tinmaz, Kerem"]
[Black "Akcicek, Mert"]
[Result "1-0"]
[WhiteElo "2325"]
[BlackElo "1537"]
[PlyCount "91"]
[EventDate "2022.08.22"]
[EventType "team-swiss"]
[EventRounds "9"]
[EventCountry "TUR"]
[SourceTitle "CBM 209 Extra"]
[Source "ChessBase"]
[SourceDate "2022.09.30"]
[SourceVersion "1"]
[SourceVersionDate "2022.09.30"]
[SourceQuality "1"]
[WhiteTeam "Mavisehir Altyapi"]
[BlackTeam "Salihli Sardes"]
[WhiteTeamCountry "TUR"]
[BlackTeamCountry "TUR"]

1. e4 e6 2. d4 d5 3. Nd2 Nf6 4. e5 Nfd7 5. Ngf3 c5 6. c3 Nc6 7. Bd3 cxd4 8. cxd4 f6 9. Bb5 Qb6 10. Qa4 a6 11. Bxc6 Qxc6 12. Qb3 fxe5 13. Nxe5 Nxe5 14. dxe5 Bc5 15. Nf3 0-0 16. 0-0 Bd7 17. Be3 Bxe3 18. Qxe3 Qa4 19. Nd4 Rac8 20. h4 Qb4 21. a3 Qe7 22. g3 Rc4 23. b3 Rc7 24. Rfc1 Rfc8 25. Rxc7 Rxc7 26. Rc1 Rxc1+ 27. Qxc1 Kf7 28. b4 Ba4 29. f4 Qd8 30. f5 exf5 31. e6+ Kg6 32. Qf4 Qf6 33. g4 h6 34. h5+ Kh7 35. Qxf5+ Qxf5 36. Nxf5 Kg8 37. Kf2 Be8 38. Ke3 g6 39. Nd6 d4+ 40. Kxd4 Bc6 41. hxg6 Kf8 42. Nf5 Be8 43. g7+ Kg8 44. Ke5 h5 45. Kf6 Kh7 46. Ne7 1-0

[Event "TUR-chT 1st League"]
[Site "Konya"]
[Date "2019.07.28"]
[Round "9.4"]
[White "Akcicek, Mert"]
[Black "Sakir, Ridvan"]
[Result "0-1"]
[WhiteElo "1540"]
[BlackElo "2297"]
[PlyCount "108"]
[EventDate "2019.07.22"]
[EventType "team-swiss"]
[EventRounds "9"]
[EventCountry "TUR"]
[SourceTitle "CBM 191 Extra"]
[Source "ChessBase"]
[SourceDate "2019.09.30"]
[SourceVersion "1"]
[SourceVersionDate "2019.09.30"]
[SourceQuality "1"]
[WhiteTeam "Salihli Sardes"]
[BlackTeam "Manisa Turkuaz"]
[WhiteTeamCountry "TUR"]
[BlackTeamCountry "TUR"]

1. e4 c5 2. Nf3 d6 3. d4 cxd4 4. Nxd4 Nf6 5. Nc3 g6 6. Be3 a6 7. f3 Bg7 8. Qd2 h5 9. g3 Nbd7 10. Bg2 Qc7 11. h3 b5 12. f4 Bb7 13. a3 Nb6 14. Kf2 Nc4 15. Qc1 Rc8 16. Nde2 0-0 17. Bd4 e5 18. fxe5 dxe5 19. Be3 Rfd8 20. Rf1 Bf8 21. b4 Qc6 22. Kg1 Nxe3 23. Qxe3 Rd6 24. Kh2 Bg7 25. Rad1 Rcd8 26. Rxd6 Rxd6 27. Qf3 Qc4 28. Qe3 Kh7 29. Bf3 Bh6 30. Qa7 Rd7 31. Qb6 Qc6 32. Qxc6 Bxc6 33. Nd5 Nxd5 34. exd5 Bb7 35. g4 Kg7 36. Rd1 hxg4 37. hxg4 f5 38. gxf5 gxf5 39. c4 bxc4 40. Nc3 e4 41. Be2 Bf4+ 42. Kh3 Be5 43. Na4 Rxd5 44. Rg1+ Kf6 45. Bxc4 Rd4 46. Bf1 Rd8 47. Bc4 e3 48. Bg8 Rd2 49. Rg3 Bxg3 50. Kxg3 Rg2+ 51. Kf4 e2 52. Nc5 Rg4+ 53. Ke3 e1Q+ 54. Kd3 Rg3+ 0-1